[Event "Baia Mare Maramures op"]
[Site "Baia Mare"]
[Date "2023.09.01"]
[Round "3"]
[White "Rus, Rian Robben"]
[Black "Pop, Ioan1111"]
[Result "0-1"]
[WhiteElo "1817"]
[BlackElo "1509"]
[PlyCount "22"]
[EventDate "2023.08.31"]
[EventType "swiss"]
[EventRounds "9"]
[EventCountry "ROU"]
[SourceTitle "EXT 2024"]
[Source "ChessBase"]
[SourceDate "2023.10.10"]
[SourceVersion "1"]
[SourceVersionDate "2023.10.10"]
[SourceQuality "1"]

1. d4 Nf6 2. c4 e5 3. dxe5 Ng4 4. Nf3 Nc6 5. Bg5 Be7 6. Bf4 Bb4+ 7. Nc3 Qe7 8. e3 Ngxe5 9. Be2 Bxc3+ 10. bxc3 Nxf3+ 11. Bxf3 Ne5 0-1

[Event "Baia Mare Maramures op"]
[Site "Baia Mare"]
[Date "2023.08.31"]
[Round "1"]
[White "Rus, Rian Robben"]
[Black "Chira, Alex"]
[Result "1/2-1/2"]
[WhiteElo "1817"]
[BlackElo "1289"]
[PlyCount "66"]
[EventDate "2023.08.31"]
[EventType "swiss"]
[EventRounds "9"]
[EventCountry "ROU"]
[SourceTitle "EXT 2024"]
[Source "ChessBase"]
[SourceDate "2023.10.10"]
[SourceVersion "1"]
[SourceVersionDate "2023.10.10"]
[SourceQuality "1"]

1. d4 d5 2. Nf3 Nf6 3. c4 e6 4. g3 b6 5. Bg2 Bb7 6. Ne5 Nbd7 7. Qa4 Be7 8. 0-0 0-0 9. Nc6 Qe8 10. Nxe7+ Qxe7 11. Nc3 c5 12. cxd5 exd5 13. Bg5 cxd4 14. Nxd5 Bxd5 15. Bxd5 Rad8 16. Qxa7 Qxe2 17. Rae1 Qb5 18. Bxf6 Nxf6 19. Bb3 Rd7 20. Qa4 Qxa4 21. Bxa4 Rd6 22. Re7 d3 23. Rd1 d2 24. Bb3 Nd7 25. Re2 Nc5 26. Rdxd2 Rxd2 27. Rxd2 Nxb3 28. axb3 f5 29. Rd7 Rf7 30. Rxf7 Kxf7 31. Kg2 Ke6 32. Kf3 Kd5 33. Ke3 Kc5 1/2-1/2

[Event "Brasov GP RO"]
[Site "Brasov"]
[Date "2023.07.19"]
[Round "5"]
[White "Vrencian, Lehel"]
[Black "Rus, Rian Robben"]
[Result "1-0"]
[WhiteElo "2188"]
[BlackElo "1830"]
[PlyCount "67"]
[EventDate "2023.07.16"]
[EventType "swiss"]
[EventRounds "9"]
[EventCountry "ROU"]
[SourceTitle "CBM 215 Extra"]
[Source "ChessBase"]
[SourceDate "2023.09.30"]
[SourceVersion "1"]
[SourceVersionDate "2023.09.30"]
[SourceQuality "1"]

1. e4 c6 2. d4 d5 3. e5 c5 4. dxc5 e6 5. Nf3 Bxc5 6. Bd3 Ne7 7. a3 a6 8. 0-0 Bd7 9. b4 Ba7 10. Bb2 Ng6 11. g3 Bc6 12. Nbd2 Nd7 13. Re1 b5 14. h4 Qc7 15. h5 Ne7 16. Nb3 g6 17. Nbd4 Nb6 18. Rc1 Nc4 19. Ba1 0-0-0 20. a4 bxa4 21. Kg2 gxh5 22. Ng5 Bxd4 23. Bxd4 Ng6 24. Qxh5 Rdg8 25. Kh2 Ngxe5 26. Bxc4 Rxg5 27. Bxa6+ Kd7 28. Qe2 Ng4+ 29. Kg1 Rhg8 30. b5 Bb7 31. b6 Qd6 32. Bxb7 e5 33. Qb5+ Ke6 34. Bc5 1-0

[Event "ROM-ch U10"]
[Site "Calimanesti"]
[Date "2014.04.09"]
[Round "4"]
[White "Rus, Rian Robben"]
[Black "Macovei, David Sebastian"]
[Result "1/2-1/2"]
[WhiteElo "1001"]
[BlackElo "1332"]
[PlyCount "73"]
[EventDate "2014.04.06"]
[EventType "swiss"]
[EventRounds "9"]
[EventCountry "ROU"]
[SourceTitle "CBM 160 Extra"]
[Source "ChessBase"]
[SourceDate "2014.07.01"]
[SourceVersion "1"]
[SourceVersionDate "2014.07.01"]
[SourceQuality "1"]

1. d4 d5 2. Nf3 Nc6 3. e3 Nf6 4. Bd3 Bg4 5. c4 e6 6. Qb3 Rb8 7. Bd2 Be7 8. Nc3 a6 9. Na4 Qd7 10. Rc1 dxc4 11. Bxc4 b5 12. Ne5 Nxe5 13. dxe5 Ne4 14. Bd3 Nxd2 15. Kxd2 Bf5 16. Nc5 Bxc5 17. Rxc5 0-0 18. f3 Bxd3 19. Qxd3 Qxd3+ 20. Kxd3 Rfd8+ 21. Ke2 Rd5 22. Rxc7 Rxe5 23. Rhc1 f5 24. Rc8+ Rxc8 25. Rxc8+ Kf7 26. Ra8 f4 27. e4 Rc5 28. Kd3 Rc6 29. b3 e5 30. Ra7+ Kg6 31. Rd7 Kh6 32. g3 g5 33. Rd5 Re6 34. a4 bxa4 35. bxa4 Kg6 36. g4 Kf6 37. Kc4 1/2-1/2

[Event "ROM-ch U10"]
[Site "Calimanesti"]
[Date "2014.04.08"]
[Round "3"]
[White "Musca, Paul Constantin Cal"]
[Black "Rus, Rian Robben"]
[Result "0-1"]
[WhiteElo "1240"]
[BlackElo "1001"]
[PlyCount "45"]
[EventDate "2014.04.06"]
[EventType "swiss"]
[EventRounds "9"]
[EventCountry "ROU"]
[SourceTitle "CBM 160 Extra"]
[Source "ChessBase"]
[SourceDate "2014.07.01"]
[SourceVersion "1"]
[SourceVersionDate "2014.07.01"]
[SourceQuality "1"]

1. e4 Nc6 2. d4 d5 3. e5 f6 4. exf6 Nxf6 5. Nf3 Bg4 6. Bb5 e6 7. 0-0 Bd6 8. Bg5 h5 9. h3 Bf5 10. Bxc6+ bxc6 11. Ne5 Qb8 12. b3 Bxe5 13. dxe5 Ne4 14. Be3 c5 15. Nd2 d4 16. Nxe4 Bxe4 17. Bg5 Qb7 18. f3 Bf5 19. Qe2 a5 20. Qc4 Qb4 21. Qxb4 axb4 22. Rfc1 c4 23. bxc4 0-1

[Event "ROM-ch U10"]
[Site "Calimanesti"]
[Date "2014.04.07"]
[Round "2"]
[White "Rus, Rian Robben"]
[Black "Panturu, Octavian Nicu"]
[Result "0-1"]
[WhiteElo "1001"]
[BlackElo "1394"]
[PlyCount "28"]
[EventDate "2014.04.06"]
[EventType "swiss"]
[EventRounds "9"]
[EventCountry "ROU"]
[SourceTitle "CBM 160 Extra"]
[Source "ChessBase"]
[SourceDate "2014.07.01"]
[SourceVersion "1"]
[SourceVersionDate "2014.07.01"]
[SourceQuality "1"]

1. e4 c5 2. b3 d5 3. f3 e6 4. Bb2 Nc6 5. Bb5 Nge7 6. Qe2 Ng6 7. Bxc6+ bxc6 8. d3 f6 9. Nc3 d4 10. Na4 e5 11. Nh3 Be6 12. Rf1 Bxh3 13. gxh3 Nf4 14. Qg2 Nxg2+ 0-1